El usufructo y la nuda propiedad en la suscripción de valores mobiliarios (Record no. 34154)

MARC details
000 -LEADER
campo de control de longitud fija 00883nam a2200205 i 4500
001 - NÚMERO DE CONTROL
campo de control 34154
003 - IDENTIFICADOR DE NÚMERO DE CONTROL
campo de control ES-MaACL
005 - FECHA Y HORA DE LA ÚLTIMA TRANSACCIÓN
campo de control 20260127062525.0
007 - CAMPO FIJO DE DESCRIPCIÓN FÍSICA--INFORMACIÓN GENERAL
campo de control de longitud fija t|
008 - DATOS DE LONGITUD FIJA--INFORMACIÓN GENERAL
campo de control de longitud fija 030204s1947 sp ||||1| spa d
100 1# - ENTRADA PRINCIPAL--NOMBRE DE PERSONA
Nombre de persona Bofarull y Romañá, Manuel de.
9 (RLIN) 29767
245 13 - MENCIÓN DEL TÍTULO
Título El usufructo y la nuda propiedad en la suscripción de valores mobiliarios
Resto del título : discurso leído el día 14 de junio de 1947, en su recepción pública /
Mención de responsabilidad, etc. por Manuel Bofarull y Romañá y contestación de Antonio Goicoechea.
260 ## - PUBLICACIÓN, DISTRIBUCIÓN, ETC.
Lugar de publicación, distribución, etc. Madrid :
Nombre del editor, distribuidor, etc. [s.n.,
Fecha de publicación, distribución, etc. 1947] (
Fabricante Imp. Viuda Galo Sèz)
300 ## - DESCRIPCIÓN FÍSICA
Extensión 94 p. ;
Dimensiones 24 cm.
500 ## - NOTA GENERAL
Nota general Precede al tít.: Real Academia de Jurisprudencia y Legislación.
700 1# - ENTRADA AGREGADA--NOMBRE PERSONAL
Nombre de persona Goicoechea y Cosculluela, Antonio.
9 (RLIN) 57614
700 ## - ENTRADA AGREGADA--NOMBRE PERSONAL
Nombre de persona Real Academia de Jurisprudencia y Legislación de España
9 (RLIN) 217612
852 ## - LOCALIZACIÓN
Ubicación ES-MaACL
Número de control de estantería 1866-F-21
Sublocalización o colección R.23930
Holdings
Estatus retirado Estado de pérdida Estado de daño No para préstamo Colección Biblioteca de origen Biblioteca actual Ubicación en estantería Fecha de adquisición Fuente de adquisición Total de préstamos Signatura topográfica completa Código de barras Visto por última vez Precio de reemplazo Tipo de ítem Koha
        Colección de folletos Biblioteca del Ateneo de Madrid Biblioteca del Ateneo de Madrid Depósito folletos 17/01/2008     1866-F-21 1035606 23/02/2023 23/02/2023 Folleto